Chefs d'entreprise de fiction - Statistiques

Statistiques générales
  • Ce quiz a été pris 27 fois
  • Le résultat moyen est 6 sur 24
Statistiques - réponses
Chef d'entreprise de fiction Univers % Correct
Bruce Wayne Batman
83%
Montgomery Burns Les Simpson
79%
Lex Luthor Superman
79%
Tony Stark Marvel
75%
Vernon Dursley Harry Potter
71%
Largo Winch Largo Winch
63%
Balthazar Picsou Picsou
63%
Icebarg One Piece
29%
Seto Kaiba Yu-Gi-Oh!
21%
Dr.Brief Dragon Ball
17%
Simon Masrani Jurassic World
8%
Elijah Kamski Detroit Become Human
4%
M.Rochard Pokémon
4%
Alan Rikkin Assassin's Creed
0%
Eldon Tyrell Blade Runner
0%
Ereki Kaminarimon Boruto
0%
Duke Maddox Galactik Football
0%
Alvar Hanso Lost
0%
Gideon Goddard Mr Robot
0%
Cave Johnson Portal
0%
Ozwell E.Spencer Resident Evil
0%
Miles Dyson Terminator
0%
Claire Meade Ugly Betty
0%
Shelby Forthright Wall-E
0%
Aucun quiz correspondant
Distribution des résultats
% des personnes avec chaque résultat
Percentile par nombre de réponses
Votre historique - résultats
Vous n’avez pas pris ce quiz